| 000 -LEADER |
| fixed length control field |
00341nam a22001217a 4500 |
| 008 - FIXED-LENGTH DATA ELEMENTS--GENERAL INFORMATION |
| fixed length control field |
250421b ||||| |||| 00| 0 eng d |
| 020 ## - INTERNATIONAL STANDARD BOOK NUMBER |
| International Standard Book Number |
9780140562880 |
| 082 ## - DEWEY DECIMAL CLASSIFICATION NUMBER |
| Classification number |
813.54 LES |
| 100 ## - MAIN ENTRY--PERSONAL NAME |
| Personal name |
LESTER,JULIUS |
| Relator term |
AUTHOR |
| 245 ## - TITLE STATEMENT |
| Title |
SAM AND THE TIGERS |
| 260 ## - PUBLICATION, DISTRIBUTION, ETC. |
| Place of publication, distribution, etc. |
345 HUDSON STREET,NEW YORK,NEW YORK,10014,U.S.A. |
| Name of publisher, distributor, etc. |
PUFFIN BOOKS |
| Date of publication, distribution, etc. |
1996 |
| 942 ## - ADDED ENTRY ELEMENTS (KOHA) |
| Source of classification or shelving scheme |
|